Empires of time : (Record no. 265)

MARC details
000 -LEADER
fixed length control field 00696pam a2200253 a 4500
005 - DATE AND TIME OF LATEST TRANSACTION
control field 20260322212013.0
008 - FIXED-LENGTH DATA ELEMENTS--GENERAL INFORMATION
fixed length control field data
010 ## - LIBRARY OF CONGRESS CONTROL NUMBER
LC control number 89042529
020 ## - INTERNATIONAL STANDARD BOOK NUMBER
International Standard Book Number 0465019501 :
Terms of availability {dollar}24.95
020 ## - INTERNATIONAL STANDARD BOOK NUMBER
International Standard Book Number 9780465019502 :
Terms of availability {dollar}24.95
040 ## - CATALOGING SOURCE
Original cataloging agency DLC
Transcribing agency DLC
Modifying agency DLC
050 00 - LIBRARY OF CONGRESS CALL NUMBER
Classification number QB209
Item number .A94 1989
082 00 - DEWEY DECIMAL CLASSIFICATION NUMBER
Classification number 529
Edition information 20
092 ## - LOCALLY ASSIGNED DEWEY CALL NUMBER (OCLC)
Classification number 529 A94 1989
001 - CONTROL NUMBER
control field data
100 1# - MAIN ENTRY--PERSONAL NAME
Personal name Aveni, Anthony F.
245 10 - TITLE STATEMENT
Title Empires of time :
Remainder of title calendars, clocks, and cultures /
Statement of responsibility, etc. Anthony F. Aveni.
260 ## - PUBLICATION, DISTRIBUTION, ETC.
Place of publication, distribution, etc. New York :
Name of publisher, distributor, etc. Basic Books,
Date of publication, distribution, etc. c1989.
300 ## - PHYSICAL DESCRIPTION
Extent ix, 371 p. :
Other physical details ill. ;
Dimensions 24 cm.
500 ## - GENERAL NOTE
General note Includes index.
504 ## - BIBLIOGRAPHY, ETC. NOTE
Bibliography, etc. note Bibliography: p. 343-358.
650 #0 - SUBJECT ADDED ENTRY--TOPICAL TERM
Topical term or geographic name entry element Time.
650 #0 - SUBJECT ADDED ENTRY--TOPICAL TERM
Topical term or geographic name entry element Archaeoastronomy.
Holdings
Withdrawn status Lost status Damaged status Not for loan Home library Current library Shelving location Date acquired Total checkouts Full call number Barcode Date last seen Price effective from Koha item type
        Centerville Centerville General stacks 22/03/2026   529 20 BC0010274 22/03/2026 22/03/2026 Books